[Event "Warsaw"]
[Site "Warsaw"]
[Date "1990.??.??"]
[Round "12"]
[White "Balashov, Yuri S"]
[Black "Hansen, Lars Bo"]
[Result "1-0"]
[WhiteElo "2535"]
[BlackElo "2460"]

1.e4 e6 2.d4 d5 3.Nc3 Bb4 4.e5 Ne7 5.Bd2 O-O 6.Nf3 c5 7.a3 Bxc3 8.Bxc3 cxd4
9.Qxd4 b6 10.Bd3 h6 11.b4 Qc7 12.Bb2 Nd7 13.O-O a5 14.Rfe1 axb4 15.axb4 Bb7
16.Qc3 Qxc3 17.Bxc3 Rfc8 18.Rxa8 Rxa8 19.Ra1 Rxa1+ 20.Bxa1 Nc6 21.Bc3 Na7
22.b5 Nc5 23.Be2 Na4 24.Ba1 Bc8 25.Nd4 Bd7 26.f4 Nc5 27.Kf2 f6 28.Ke3 fxe5
29.fxe5 Nb7 30.Bc3 Nd8 31.Be1 Nf7 32.Bg3 Nh8 33.Kd2 Ng6 34.Kc3 Ne7 35.Kb4 Kf7
36.Bf2 Nac8 37.h4 Nf5 38.Nf3 g6 39.Nd2 Nfe7 40.Nb1 h5 41.Nc3 Nf5 42.Bd3 Ke7
43.Na4 Be8 44.g3 Kd7 45.Bxb6 Nxg3 46.Bf2 Nf5 47.Nc5+ Kc7 48.Nxe6+ Kb8 49.Nf4 Nfe7
50.Kc5 Na7 51.b6 Nac6 52.Nxd5 Nxd5 53.Kxd5 Nb4+ 54.Kc5 Nxd3+ 55.cxd3 Kb7
56.d4  1-0

[Event "Werfen op"]
[Site "Werfen"]
[Date "1990.??.??"]
[Round "7"]
[White "Tischbierek, Raj"]
[Black "Portisch, Ferenc"]
[Result "1-0"]
[WhiteElo "2440"]
[BlackElo "2355"]

1.e4 e6 2.d4 d5 3.Nc3 Bb4 4.e5 Ne7 5.a3 Bxc3+ 6.bxc3 c5 7.Nf3 Qa5 8.Bd2 Nbc6
9.a4 Bd7 10.Bb5 Qc7 11.O-O Na5 12.Bd3 h6 13.Re1 Nc4 14.Bc1 O-O-O 15.dxc5 Qxc5
16.Nd4 Nc6 17.Bxc4 Nxd4 18.cxd4 Qxc4 19.Ba3 Bxa4 20.Qd2 b6 21.Bb4 Qc6 22.Bd6 Kb7
23.Qb4 Bb5 24.Re3 Rd7 25.Rc3 Bc4 26.Rca3 a6 27.h3 h5 28.Qd2 Rc8 29.Rf3 Qb5
30.Qc1 Bd3 31.Rxd3  1-0

[Event "Acasusso op"]
[Site "Acasusso"]
[Date "1991.??.??"]
[Round "7"]
[White "Bronstein, Luis"]
[Black "Biaggi, Eduardo"]
[Result "1-0"]
[WhiteElo "2370"]
[BlackElo "2260"]

1.e4 e6 2.d4 d5 3.Nc3 Bb4 4.e5 Qd7 5.Bd2 b6 6.Nf3 Ba6 7.Bxa6 Nxa6 8.Ne2 Bf8
9.a4 Nb8 10.a5 Ne7 11.axb6 cxb6 12.Bb4 Nbc6 13.Bd6 h5 14.h4 Nf5 15.Bxf8 Kxf8
16.O-O g6 17.b3 Kg7 18.Qd2 Rac8 19.c3 Rc7 20.Rfd1 Na5 21.Qb2 Qb5 22.Rab1 Rhc8
23.c4 Qd7 24.Nc3 dxc4 25.b4 Nb3 26.d5 Kf8 27.Qe2 Rb7 28.Qe4 Qe7 29.Ng5 Kg7
30.dxe6 fxe6 31.Nxe6+ Kh8 32.Nf4 Kh7 33.Nxg6 Kxg6 34.Rd6+ Kg7 35.Qxf5 Qe8
36.Qg5+ Kf8 37.Rf6+ Ke7 38.Nd5+  1-0

[Event "ARG-ch"]
[Site "?"]
[Date "1991.??.??"]
[Round "9"]
[White "Bronstein, Luis"]
[Black "Giaccio, Alfredo"]
[Result "1-0"]
[WhiteElo "2370"]
[BlackElo "2325"]

1.e4 e6 2.d4 d5 3.Nc3 Bb4 4.e5 Ne7 5.a3 Bxc3+ 6.bxc3 c5 7.Nf3 Qa5 8.Bd2 Nbc6
9.a4 Bd7 10.Bb5 Qc7 11.O-O f6 12.Re1 O-O-O 13.Qc1 Ng6 14.Qa3 c4 15.a5 Rde8
16.Qc5 Ncxe5 17.Nxe5 Nxe5 18.Qxa7 Nf3+ 19.gxf3 Bxb5 20.Rab1 Qc6 21.Rxe6 Qxe6
22.Qa8+ Kc7 23.Bf4+ Kc6 24.Qa7 Rc8 25.Qb6+ Kd7 26.Qxb7+ Ke8 27.Rxb5 Qd7 28.a6 g5
29.Bg3 h5 30.a7 Qxb7 31.Rxb7 Ra8 32.Rb8+ Kd7 33.Rxh8  1-0

[Event "AUT-ch"]
[Site "?"]
[Date "1991.??.??"]
[Round "?"]
[White "Lendwai, Reinhard"]
[Black "Fauland, Alexander"]
[Result "1/2-1/2"]
[WhiteElo "2405"]
[BlackElo "2475"]

1.e4 e6 2.d4 d5 3.Nc3 Bb4 4.e5 Qd7 5.a3 Bxc3+ 6.bxc3 b6 7.h4 Ba6 8.Bxa6 Nxa6
9.Qg4 f5 10.Qh5+ Qf7 11.Qe2 Nb8 12.Nh3 Nc6 13.h5 Na5 14.h6 gxh6 15.Nf4 O-O-O
16.a4 Kb7  1/2-1/2

[Event "AUT-chT"]
[Site "?"]
[Date "1991.??.??"]
[Round "?"]
[White "Topakian, Raffi"]
[Black "Uhlmann, Wolfgang"]
[Result "1/2-1/2"]
[WhiteElo "2255"]
[BlackElo "2510"]

1.e4 e6 2.d4 d5 3.Nc3 Bb4 4.e5 Ne7 5.a3 Bxc3+ 6.bxc3 c5 7.Qg4 O-O 8.Bd3 f5
9.exf6 Rxf6 10.Bg5 Rf7 11.Qh5 g6 12.Qd1 Qa5 13.Bd2 Nbc6 14.Nf3 c4 15.Be2 Nf5
16.O-O Nd6 17.Qe1 Ne4 18.Ng5 Nxg5 19.Bxg5 Bd7 20.Bg4 Re8 21.f4 b5 22.Rf3 Qc7
23.h4 h5 24.Bh3 a5 25.Qd2 Qb6 26.Kh2 b4 27.axb4 axb4 28.Rd1 bxc3 29.Rxc3  1/2-1/2

[Event "Bad Lauterberg"]
[Site "Bad Lauterberg"]
[Date "1991.??.??"]
[Round "?"]
[White "Vogt, Lothar"]
[Black "Hertneck, Gerald"]
[Result "1/2-1/2"]
[WhiteElo "2510"]
[BlackElo "2555"]

1.e4 e6 2.d4 d5 3.Nc3 Bb4 4.e5 Ne7 5.a3 Bxc3+ 6.bxc3 c5 7.Qg4 O-O 8.Bd3 Nbc6
9.Qh5 Ng6 10.Nf3 Qc7 11.Ng5 h6 12.Nxf7 Qxf7 13.Qxg6 Qxg6 14.Bxg6 cxd4 15.cxd4 Nxd4
16.Bd3 Bd7 17.Bb2 Nf5 18.g3 a6 19.Kd2 Bb5 20.Bxf5  1/2-1/2

[Event "Bad Lauterberg"]
[Site "Bad Lauterberg"]
[Date "1991.??.??"]
[Round "6"]
[White "Vogt, Lothar"]
[Black "Mohr, Stefan"]
[Result "1-0"]
[WhiteElo "2510"]
[BlackElo "2465"]

1.e4 e6 2.d4 d5 3.Nc3 Bb4 4.e5 Ne7 5.a3 Bxc3+ 6.bxc3 c5 7.Qg4 Kf8 8.Bd3 b6
9.Nf3 Ba6 10.Bxa6 Nxa6 11.O-O h6 12.a4 Nb8 13.Ba3 Nd7 14.c4 dxc4 15.dxc5 bxc5
16.Qxc4 Rc8 17.Rfd1 Qc7 18.Qd3 Nb6 19.Bxc5 Nd5 20.Bd6 Qxc2 21.Qa3 Rc3 22.Bxe7+ Kg8
23.Qd6 Rxf3 24.gxf3 Nf4 25.Qb8+  1-0

[Event "Bad Woerishofen op"]
[Site "Bad Woerishofen"]
[Date "1991.??.??"]
[Round "7"]
[White "Stefansson, Hannes"]
[Black "Kamp, Christoph"]
[Result "1-0"]
[WhiteElo "2450"]
[BlackElo "2240"]

1.e4 e6 2.d4 d5 3.Nc3 Bb4 4.e5 Ne7 5.Bd2 c5 6.f4 Nd7 7.Nb5 Bxd2+ 8.Qxd2 O-O
9.c3 a6 10.Nd6 f5 11.Nf3 Qc7 12.Bd3 Nb6 13.b4 c4 14.Bc2 Bd7 15.Rg1 Ba4 16.Bxa4 Nxa4
17.g4 fxg4 18.Rxg4 Nf5 19.Kf2 Rad8 20.Rag1 Rd7 21.Qc2 Nb6 22.Nxf5 Rxf5 23.Ke3 Qd8
24.Ng5 Qe8 25.Qg2 g6 26.h4 h5 27.Rg3 Kg7 28.Nxe6+  1-0

[Event "BUL-chT"]
[Site "Bankia"]
[Date "1991.??.??"]
[Round "7"]
[White "Todorov, Ivan"]
[Black "Srebrov, Hristo"]
[Result "0-1"]
[WhiteElo "2260"]
[BlackElo "2210"]

1.e4 e6 2.d4 d5 3.Nc3 Bb4 4.e5 Ne7 5.a3 Bxc3+ 6.bxc3 c5 7.Qg4 Qc7 8.Qxg7 Rg8
9.Qxh7 cxd4 10.Ne2 Nbc6 11.f4 Bd7 12.Qd3 dxc3 13.Nxc3 a6 14.Ne2 Nf5 15.Rb1 Na5
16.Bd2 Nc4 17.h3 Nxd2 18.Kxd2 Bb5 19.Qc3 Qxc3+ 20.Kxc3 Ne3 21.Kd2 Nxf1+ 22.Rhxf1 Rxg2
23.Rfe1 Rc8 24.Rb3 Rc4 25.Kd1 Re4 26.Nc3 Rd4+ 27.Kc1 Bc6 28.Ne2 Re4 29.Kd1 Ke7
30.Rb4 Re3 31.Rb3 Re4 32.Rb4 Rh2 33.Nd4 Rxe1+ 34.Kxe1 Rxh3 35.Rb3 Rh4 36.Rf3 f6
37.exf6+ Kxf6 38.Kd2 Rh1 39.Re3 Bd7 40.Rf3 Rh2+ 41.Kc3 Ke7 42.Kb4 b6 43.c4 Kd6
44.Kc3 Rh4 45.Rf2 dxc4 46.Kxc4 Bc6 47.Kc3 Rh3+ 48.Kb2 Bd5 49.Rd2 Re3 50.Nc2 Rb3+
51.Kc1 Rf3 52.Rd4 Kc5 53.Ra4 a5 54.Ne1  0-1

[Event "Berliner Sommer"]
[Site "Berlin"]
[Date "1991.??.??"]
[Round "?"]
[White "Seils, Joerg"]
[Black "Schneider, A."]
[Result "1-0"]
[WhiteElo "2270"]
[BlackElo "2385"]

1.e4 e6 2.d4 d5 3.Nc3 Bb4 4.e5 b6 5.Qg4 Bf8 6.f4 Nc6 7.Be3 Nce7 8.Bf2 Qd7
9.Qf3 Bb7 10.Nge2 O-O-O 11.O-O-O Kb8 12.g4 g6 13.Bg2 Rc8 14.Bh4 c5 15.dxc5 bxc5
16.Qf2 Qc6 17.Bf6 Nxf6 18.exf6 Ng8 19.g5 Qa6 20.Kb1 Bd6 21.Nxd5 exd5 22.Bxd5 Bxd5
23.Rxd5 h6 24.Rhd1 Bc7 25.h4 Nxf6 26.gxf6 Qxf6 27.Qxc5 Rhd8 28.Nc3 Qxf4 29.Qb5+ Ka8
30.Qc6+ Kb8 31.Rb5+ Bb6 32.Rxb6+ axb6 33.Qxb6+ Ka8 34.Rxd8  1-0

[Event "POL-chB"]
[Site "Bielsko-Biala"]
[Date "1991.??.??"]
[Round "9"]
[White "Pedzich, Dominik"]
[Black "Gizynski, Tomasz"]
[Result "1/2-1/2"]
[WhiteElo "2400"]
[BlackElo "2335"]

1.e4 e6 2.d4 d5 3.Nc3 Bb4 4.e5 Ne7 5.a3 Bxc3+ 6.bxc3 c5 7.Qg4 Kf8 8.Qd1 b6
9.a4 Ba6 10.Bb5 Bxb5 11.axb5 Qd7 12.Qe2 c4 13.Rb1 a6 14.bxa6 Rxa6 15.Nh3 h6
16.O-O Qa7 17.Nf4 Ra1 18.Be3 Rxb1 19.Rxb1 Nd7 20.g4 Kg8 21.Nh5 Kh7 22.Kh1 Rf8
23.Rg1 Qa4 24.Bc1 f6 25.exf6 Nxf6 26.Qxe6 Qe8 27.Ba3 Nxh5 28.Qxe7 Qxe7 29.Bxe7 Re8
30.Bd6 Nf6 31.Be5 Ne4 32.f3 Nxc3 33.g5 hxg5 34.Rxg5 Re7 35.Rg1  1/2-1/2

[Event "Cansys IM-B"]
[Site "Budapest"]
[Date "1991.??.??"]
[Round "5"]
[White "Sziva, Erika"]
[Black "Stajcic, Nikola"]
[Result "1/2-1/2"]
[WhiteElo "2245"]
[BlackElo "2345"]

1.e4 e6 2.d4 d5 3.Nc3 Bb4 4.e5 Qd7 5.Bd2 b6 6.Bb5 Nc6 7.a3 Bf8 8.Nce2 a6
9.Ba4 Bb7 10.c3 b5 11.Bc2 Na5 12.b3 c5 13.Nf3 Nc6 14.O-O a5 15.dxc5 Bxc5
16.Ned4 Nxd4 17.cxd4 Bb6 18.Bd3 Ne7 19.Rc1 Nc8 20.Qe2 Na7 21.Qe1 Qd8 22.Qe2 Qd7
23.Qe1 Qd8 24.Qe2  1/2-1/2

[Event "Spring op"]
[Site "Budapest"]
[Date "1991.??.??"]
[Round "6"]
[White "Lengyel, Bela"]
[Black "Antonsen, Mikkel"]
[Result "1-0"]
[WhiteElo "2365"]
[BlackElo "2250"]

1.e4 e6 2.d4 d5 3.Nc3 Bb4 4.e5 Ne7 5.a3 Bxc3+ 6.bxc3 c5 7.Nf3 b6 8.Bd3 Ba6
9.O-O Bxd3 10.Qxd3 h6 11.a4 Nd7 12.Ba3 O-O 13.Nd2 Qc7 14.f4 Rfe8 15.Rf2 Rac8
16.Nf1 cxd4 17.cxd4 Qc4 18.Qd1 Nf5 19.Bb2 h5 20.Qxh5 Nxd4 21.Ne3 Qc5 22.Rd1 Nc6
23.Ng4 Qb4 24.c4 d4 25.Rd3 Qe1+ 26.Rf1 Qe4 27.Rh3 Kf8 28.Ba3+ Nc5 29.Bxc5+ bxc5
30.Qg5 Ne7 31.Rh8+  1-0

[Event "Spring op"]
[Site "Budapest"]
[Date "1991.??.??"]
[Round "8"]
[White "Timoshenko, Georgy"]
[Black "Shtyrenkov, Veniamen"]
[Result "1-0"]
[WhiteElo "2475"]
[BlackElo "2415"]

1.e4 e6 2.d4 d5 3.Nc3 Bb4 4.e5 b6 5.a3 Bf8 6.Bb5+ Bd7 7.Bd3 c5 8.Nf3 Nc6
9.O-O Nge7 10.Bg5 a6 11.Bxa6 Qb8 12.Bd3 Nxd4 13.Nxd4 cxd4 14.Nb5 Ng6 15.Re1 Nxe5
16.Bf4 f6 17.Rxe5 fxe5 18.Qh5+ g6 19.Qxe5 Qxe5 20.Bxe5 Ra5 21.Nc7+ Kf7 22.Bxh8 Bd6
23.Nxe6  1-0

[Event "Spring op"]
[Site "Budapest"]
[Date "1991.??.??"]
[Round "8"]
[White "Madl, Ildiko"]
[Black "Rogovskoy, Alexander"]
[Result "0-1"]
[WhiteElo "2380"]
[BlackElo "2265"]

1.e4 e6 2.d4 d5 3.Nc3 Bb4 4.e5 Ne7 5.a3 Bxc3+ 6.bxc3 b6 7.Qg4 Ng6 8.Bd3 Ba6
9.Ne2 c5 10.Bxa6 Nxa6 11.O-O Rc8 12.Bg5 Qd7 13.h4 Qa4 14.h5 Nxe5 15.Qg3 Nc4
16.h6 g6 17.Nf4 Nc7 18.Rfe1 cxd4 19.cxd4 Kd7 20.Bf6 Qxc2 21.Bxh8 Rxh8 22.Nd3 f6
23.Qf3 Rf8 24.Re2 Qa4 25.Nf4 Qc6 26.Rae1 Re8 27.Nd3 Rf8 28.Ne5+ Nxe5 29.dxe5 f5
30.Qf4 Qc4 31.Qd2 Na6 32.Rc1 Qa4 33.Qb2 Rd8 34.Rec2 Ke7 35.Qc3 d4 36.Qg3 Nc5
37.Qg5+ Kd7 38.Rd2 Ne4 39.Qf4 Nxd2 40.Qxd2 Rc8 41.Rxc8 Kxc8 42.Qd3 Kd7 43.Kh2 Kc6
44.Qf3+ Kc5 45.Qb7 d3 46.Qe7+ Kc4 47.Qxh7 d2 48.Qc7+ Kd3 49.Qd8+ Ke2 50.h7 Qf4+  0-1

[Event "GEBA"]
[Site "Buenos Aires"]
[Date "1991.??.??"]
[Round "7"]
[White "Van Riemsdijk, Herman C"]
[Black "Schweber, Samuel"]
[Result "1/2-1/2"]
[WhiteElo "2450"]
[BlackElo "2375"]

1.e4 e6 2.d4 d5 3.Nc3 Bb4 4.e5 Qd7 5.Bd2 b6 6.Qg4 Bf8 7.a4 c6 8.h4 h5 9.Qf3 Ba6
10.Nh3 Ne7 11.Bxa6 Nxa6 12.Ne2 Nf5 13.Nhf4 g6 14.c3 Be7 15.g3 Nc7 16.Ng2 c5
17.Ne3 c4 18.Nxf5 exf5 19.Nf4 Rd8 20.O-O Ne6 21.b3 Nxf4 22.Bxf4 Rc8 23.b4 a6
24.b5 a5 25.Qe3  1/2-1/2

[Event "GEBA"]
[Site "Buenos Aires"]
[Date "1991.??.??"]
[Round "11"]
[White "Sanchez Almeyra, Jorge"]
[Black "Schweber, Samuel"]
[Result "1-0"]
[WhiteElo "2415"]
[BlackElo "2375"]

1.e4 e6 2.d4 d5 3.Nc3 Bb4 4.e5 b6 5.Nf3 Qd7 6.Bd2 Ba6 7.Bxa6 Nxa6 8.O-O Ne7
9.Ne2 Ng6 10.Bxb4 Nxb4 11.c3 Nc6 12.Qd2 O-O 13.Rfe1 f6 14.Nf4 Nxf4 15.Qxf4 fxe5
16.Nxe5 Rxf4 17.Nxd7 Re4 18.f3 Rxe1+ 19.Rxe1 Kf7 20.Kf2 Rd8 21.Ne5+ Nxe5
22.Rxe5 c5 23.Ke3 Rc8 24.Kd3 cxd4 25.cxd4 Rc1 26.Re2 Kf6 27.Rc2 Rxc2 28.Kxc2 g5
29.Kd3 Kf5 30.Ke3 h5 31.g3 g4 32.Kf2 Kg5 33.Kg2 Kf5 34.h3 gxh3+ 35.Kxh3 e5
36.dxe5 Kxe5 37.Kg2 Kd4 38.f4 Ke4 39.Kf2 a5 40.a4 Kf5 41.Kf3 Ke6 42.Ke3 Kf5
43.Kd4 Kg4 44.Ke5 Kxg3 45.f5 d4 46.Kxd4 h4 47.f6 h3 48.f7 h2 49.f8=Q h1=Q
50.Qd6+ Kf2 51.Qf4+ Ke2 52.Qe4+ Qxe4+ 53.Kxe4 Kd2 54.Kd5 Kc2 55.Kc6 Kb3 56.Kb5  1-0

[Event "Cacak"]
[Site "Cacak"]
[Date "1991.??.??"]
[Round "8"]
[White "Ziatdinov, Raset"]
[Black "Drasko, Milan"]
[Result "1-0"]
[WhiteElo "2515"]
[BlackElo "2500"]

1.e4 e6 2.d4 d5 3.Nc3 Bb4 4.e5 Ne7 5.a3 Bxc3+ 6.bxc3 c5 7.Qg4 O-O 8.Bd3 f5
9.exf6 Rxf6 10.Qh5 g6 11.Qg5 Qf8 12.Be3 c4 13.Be2 Nf5 14.h4 h6 15.Qf4 Nc6
16.Qh2 Nxe3 17.fxe3 e5 18.dxe5 Re6 19.Nf3 Qg7 20.O-O Nxe5 21.Nd4 Re7 22.Rf4 h5
23.e4 Bg4 24.Bf1 dxe4 25.Rxe4 Rae8 26.Rae1 Qf6 27.Qg3 a6 28.a4 b6 29.R1e3 Kh7
30.Re1 Qd6 31.Qf2 Bd7 32.Qf4 b5 33.axb5 axb5 34.Kh1 Kg7 35.Qg3 Qf6 36.Rf4 Qd6
37.Rf5 Kh7 38.Rf4 Nf7 39.Nf3 Bf5 40.Rxe7 Rxe7 41.Qf2 Nh6 42.Rd4 Ng4 43.Qd2 Qg3
44.Rd8 Qf2 45.Ng5+ Kh6 46.Rh8+ Kg7 47.Rh7+ Kf6 48.Qd6+  1-0

[Event "Cappelle op"]
[Site "Cappelle la Grande"]
[Date "1991.??.??"]
[Round "?"]
[White "Beikert, Guenther"]
[Black "McDonald, Neil R"]
[Result "1/2-1/2"]
[WhiteElo "2250"]
[BlackElo "2385"]

1.e4 e6 2.d4 d5 3.Nc3 Bb4 4.e5 Ne7 5.a3 Bxc3+ 6.bxc3 c5 7.Qg4 O-O 8.Bd3 f5
9.exf6 Rxf6 10.Bg5 Nd7 11.dxc5 e5 12.Bxf6 Nxf6 13.Qa4 Qc7 14.O-O-O e4 15.Bf1 Qxc5
16.Qb4 Qc7 17.c4 Be6 18.Ne2 a5 19.Qc3 dxc4 20.Nd4 Bf7 21.Nb5 Qf4+ 22.Kb1 Rc8
23.Qxa5 b6 24.Qxb6 Ned5 25.Qd4 Be8 26.Nc3 Nxc3+ 27.Qxc3 Bf7 28.Qg3 Qf5 29.Be2 c3
30.Qd6 Qxf2 31.Rhe1 Qa7 32.Bb5 Rb8 33.Qb4 Nd5 34.Rxd5 Bxd5 35.a4 e3 36.Kc1 Rc8
37.Qd6 Bf7 38.Qe5 e2 39.Qxe2 Qc5 40.Qe7 Qd4 41.Rd1 Qb6 42.Rd6  1/2-1/2

[Event "Cheliabinsk"]
[Site "Cheliabinsk"]
[Date "1991.??.??"]
[Round "?"]
[White "Enhbat, P."]
[Black "Masternak, Grzegorz"]
[Result "1/2-1/2"]
[WhiteElo "2300"]
[BlackElo "2320"]

1.e4 e6 2.d4 d5 3.Nc3 Bb4 4.e5 Ne7 5.a3 Bxc3+ 6.bxc3 c5 7.Qg4 O-O 8.Bd3 f5
9.exf6 Rxf6 10.Bg5 Rf7 11.Qh5 g6 12.Qh4 Qa5 13.Bd2 c4 14.Be2 Nf5 15.Qg5 Nc6
16.Nf3 Nd6 17.O-O Ne4 18.Qe3 Bd7 19.Ng5 Nxg5 20.Qxg5 e5  1/2-1/2

[Event "Cheliabinsk"]
[Site "Cheliabinsk"]
[Date "1991.??.??"]
[Round "?"]
[White "Savon, Vladimir A"]
[Black "Masternak, Grzegorz"]
[Result "1/2-1/2"]
[WhiteElo "2465"]
[BlackElo "2320"]

1.e4 e6 2.d4 d5 3.Nc3 Bb4 4.e5 Ne7 5.a3 Bxc3+ 6.bxc3 c5 7.Nf3 Nbc6 8.a4 Qa5
9.Bd2 O-O 10.Bd3 f6 11.h4 Bd7 12.exf6 Rxf6 13.Ne5 Nxe5 14.dxe5 Rf7 15.Qh5 Nf5
16.g4 g6 17.Qg5 h6 18.Qxg6+ Rg7 19.Bxf5 Rxg6 20.Bxg6 Kg7 21.h5 Be8 22.Bd3 c4
23.Be2 d4 24.Rh3 Qxe5 25.cxd4 Qxd4 26.Rd1  1/2-1/2

[Event "Capablanca mem-B"]
[Site "Cienfuegos"]
[Date "1991.??.??"]
[Round "5"]
[White "Sion Castro, Marcelino"]
[Black "Pecorelli Garcia, Humberto"]
[Result "1-0"]
[WhiteElo "2405"]
[BlackElo "2390"]

1.e4 e6 2.d4 d5 3.Nc3 Bb4 4.e5 Ne7 5.a3 Bxc3+ 6.bxc3 c5 7.Qg4 Qc7 8.Qxg7 Rg8
9.Qxh7 cxd4 10.Ne2 Nbc6 11.f4 Bd7 12.Qd3 dxc3 13.Rb1 Nf5 14.h3 O-O-O 15.g4 Nh4
16.Nxc3 Na5 17.Kf2 Nc4 18.Qd4 Kb8 19.Bxc4 dxc4 20.Be3 b6 21.Qd6 Qxd6 22.exd6 Bc6
23.Bxb6 axb6 24.Rxb6+ Bb7 25.Rhb1 Rd7 26.Na4 f5 27.Nc5  1-0

[Event "Capablanca mem-B"]
[Site "Cienfuegos"]
[Date "1991.??.??"]
[Round "7"]
[White "Van Riemsdijk, Herman C"]
[Black "Vilela, Jose Luis"]
[Result "1-0"]
[WhiteElo "2450"]
[BlackElo "2440"]

1.e4 e6 2.d4 d5 3.Nc3 Bb4 4.e5 Ne7 5.a3 Bxc3+ 6.bxc3 c5 7.h4 Nbc6 8.h5 Qa5
9.Bd2 cxd4 10.cxd4 Qa4 11.c3 Qxd1+ 12.Kxd1 h6 13.Bd3 Bd7 14.f4 Na5 15.Nf3 Nc4
16.Ke2 Nb2 17.Rab1 Nxd3 18.Kxd3 b6 19.g4 Bc8 20.Nh4 Kd7 21.Rh2 Ba6+ 22.Kc2 g6
23.Rg1 gxh5 24.gxh5 Nf5 25.Nxf5 exf5 26.Rhg2 Ke6 27.Be1 Rac8 28.Bh4 Rc6 29.Rg7 Re8
30.Kd2 Rc4 31.Rh7 Ra4 32.Rgg7 Kd7 33.Rxf7+ Kc6 34.Rxh6+ Kb5 35.Be7 Bc8 36.Rg6 Rh8
37.h6 Bd7 38.Rd6 Kc4 39.Rxd7 Rxh6 40.Rc7+ Kb3 41.Bd6 a5 42.Rh7  1-0

[Event "Capablanca mem-C"]
[Site "Cienfuegos"]
[Date "1991.??.??"]
[Round "7"]
[White "Lugo, Blas"]
[Black "Rodriguez, Andres"]
[Result "1-0"]
[WhiteElo "2335"]
[BlackElo "2315"]

1.e4 e6 2.d4 d5 3.Nc3 Bb4 4.e5 Ne7 5.a3 Bxc3+ 6.bxc3 c5 7.Qg4 Qc7 8.Bd3 cxd4
9.Ne2 dxc3 10.Qxg7 Rg8 11.Qxh7 Nbc6 12.Bf4 Nxe5 13.Qh5 N7c6 14.Bb5 Qb6 15.Rb1 Ng6
16.Bg3 Bd7 17.O-O Qa5 18.Rb3 O-O-O 19.Rfb1 Rde8 20.Nxc3 b6 21.Bd6 Nd4 22.Bb4 Qxb5
23.Nxb5 Bxb5 24.Rc3+ Kd7 25.Re3 Rg7 26.Qg4 Nf5 27.Bc3 Rgg8 28.Rxb5 Ngh4 29.Qa4 Rxg2+
30.Kf1 Ke7 31.Qxa7+ Kf8 32.Bb4+ Kg7 33.Rg3+ Nxg3+ 34.hxg3  1-0

[Event "DEN-chB"]
[Site "DEN"]
[Date "1991.??.??"]
[Round "5"]
[White "Nielsen, Uffe V"]
[Black "Rodgaard, John"]
[Result "0-1"]
[WhiteElo "2310"]
[BlackElo "2350"]

1.e4 e6 2.d4 d5 3.Nc3 Bb4 4.e5 Ne7 5.Bd2 Bxc3 6.Bxc3 b6 7.Qg4 O-O 8.O-O-O c5
9.Nf3 Ba6 10.h4 Bxf1 11.Rdxf1 Nbc6 12.h5 h6 13.Nh4 cxd4 14.Bxd4 Qc7 15.Bc3 Rac8
16.Rh3 Nxe5 17.Qe2 Qc4 18.Re1 Qxe2 19.Rxe2 N5c6 20.Nf3 Rfd8 21.Be5 f6 22.Bc3 Kf7
23.g4 d4 24.Be1 d3 25.Rd2 dxc2 26.Rxc2 Nd5 27.a3 Nf4 28.Rh1 Nd3+ 29.Kb1 Nce5
30.Nh2 Rxc2 31.Kxc2 Rc8+ 32.Kd2 Nxb2 33.f4 Nbc4+ 34.Kc3 Nxg4 35.Kb3 Nxh2
36.Rxh2 Ne3 37.Rd2 Nd5 38.f5 Rc3+ 39.Kb2 Rf3 40.fxe6+ Kxe6 41.Rg2 Kf7  0-1

[Event "NLD-ch sf"]
[Site "Enschede"]
[Date "1991.??.??"]
[Round "1"]
[White "Nijboer, Friso"]
[Black "Visser, Yge"]
[Result "1-0"]
[WhiteElo "2455"]
[BlackElo "2365"]

1.e4 e6 2.d4 d5 3.Nc3 Bb4 4.e5 Ne7 5.a3 Bxc3+ 6.bxc3 b6 7.Qg4 Kf8 8.Nh3 Ng6
9.a4 Kg8 10.Bd3 Ba6 11.Bxa6 Nxa6 12.O-O Nb8 13.Ng5 Nc6 14.c4 dxc4 15.Nxf7 Kxf7
16.Qf3+ Nf4 17.Qxf4+ Kg8 18.Qg4 Qd7 19.d5 Nxe5 20.Qe2 Qxd5 21.Rd1 Qc5 22.Bf4 Nf7
23.Qxe6 Rf8 24.Rd7 h6 25.Bxc7 Kh7 26.Qe4+ g6 27.Bd6 Qc8 28.Qe6  1-0

[Event "EST-FIN m"]
[Site "EST"]
[Date "1991.??.??"]
[Round "2"]
[White "Raaste, Eero J"]
[Black "Karner, Hillar"]
[Result "1-0"]
[WhiteElo "2370"]
[BlackElo "2350"]

1.e4 e6 2.d4 d5 3.Nc3 Bb4 4.e5 b6 5.Bb5+ c6 6.Ba4 Bxc3+ 7.bxc3 a5 8.Qg4 Ne7
9.Qxg7 Rg8 10.Qxh7 b5 11.Nh3 Nd7 12.Ng5 Rf8 13.Qh5 Nb6 14.Nh7 Kd7 15.Nxf8+ Qxf8
16.Bb3 a4 17.O-O axb3 18.cxb3 Ba6 19.Bg5 b4 20.Bxe7 Qxe7 21.Rfc1 Bd3 22.cxb4 Bg6
23.Qh3 Qxb4 24.Qc3 Qxc3 25.Rxc3 Nc8 26.a4 Rb8 27.h4 Rb4 28.Rd1 c5 29.Rxc5 Rxb3
30.Rdc1 Ne7 31.a5 Bd3 32.Rc7+ Kd8 33.Ra7 Bc4 34.h5 Nf5 35.Rxf7 Ke8 36.Ra7 Kf8
37.Ra1 Nxd4 38.h6 Kg8 39.a6 Rb8 40.Rg7+ Kh8 41.a7 Ra8 42.Rb7 Bd3 43.Rb8+  1-0

[Event "FRA-chT"]
[Site "FRA"]
[Date "1991.??.??"]
[Round "?"]
[White "Beikert, Guenther"]
[Black "Luce, Sebastien"]
[Result "0-1"]
[WhiteElo "2250"]
[BlackElo "2420"]

1.e4 e6 2.d4 d5 3.Nc3 Bb4 4.e5 Qd7 5.Nf3 b6 6.Bd2 Bxc3 7.Bxc3 Ne7 8.b4 Ba6
9.Bxa6 Nxa6 10.O-O Qa4 11.Qd2 h6 12.Rfb1 c6 13.Rb3 Nc7 14.Bb2 Nb5 15.h4 h5
16.Qd3 Nc7 17.Nd2 Nf5 18.g3 Rg8 19.Qf3 g5 20.Qxh5 gxh4 21.g4 O-O-O 22.Kh2 Rh8
23.Qg5 Rdg8 24.Qf4 Nh6 25.f3 Rg6 26.c4 Rhg8 27.Rc1 Kb8 28.Kh3 Qa6 29.b5 cxb5
30.c5 b4 31.cxb6 Qxb6 32.a3 a5 33.axb4 a4 34.Rbc3 Nb5 35.Rc6 Qb7 36.Qe3 Nxg4
37.fxg4 Rxg4 38.Rc8+ Qxc8 39.Rxc8+ Kxc8 40.Nf3 Rg3+ 41.Kh2 Rg2+ 42.Kh1 Kb7
43.Qc1 Rf2 44.Ne1 Rf1+ 45.Kh2 Rf2+ 46.Kh3 Rg3+ 47.Kxh4 Rg8 48.Kh3 Rf1 49.Kh2 Rf5
50.Qd1 Rfg5  0-1

[Event "FRA-chT"]
[Site "FRA"]
[Date "1991.??.??"]
[Round "?"]
[White "Berthelot, Yannick"]
[Black "Luce, Sebastien"]
[Result "1/2-1/2"]
[WhiteElo "2315"]
[BlackElo "2420"]

1.e4 e6 2.d4 d5 3.Nc3 Bb4 4.e5 Ne7 5.Bd2 b6 6.Bb5+ c6 7.Ba4 O-O 8.Nce2 Bxd2+
9.Qxd2 f6 10.Nf3 Ng6 11.Nf4 Nxf4 12.Qxf4 Ba6 13.Qe3 f5 14.c3 Qe7 15.h4 c5
16.O-O-O Bc4 17.Kb1 a5 18.Ng5 h6 19.Nh3 b5 20.Bc2 b4 21.Nf4 bxc3 22.Qxc3 Rc8
23.g4 cxd4 24.Qg3 fxg4 25.Qxg4 Bxa2+ 26.Kxa2 Rxc2 27.Rhg1 Rxb2+  1/2-1/2

[Event "FRA-chT"]
[Site "FRA"]
[Date "1991.??.??"]
[Round "?"]
[White "Kosten, Anthony C"]
[Black "Adrian, Claude"]
[Result "1-0"]
[WhiteElo "2515"]
[BlackElo "2260"]

1.e4 e6 2.d4 d5 3.Nc3 Bb4 4.e5 Ne7 5.Bd2 c5 6.f4 O-O 7.Nf3 b6 8.Bd3 Ba6 9.Bxh7+ Kxh7
10.Ng5+ Kh6 11.Qg4  1-0

[Event "FRA-ch"]
[Site "FRA"]
[Date "1991.??.??"]
[Round "12"]
[White "Santo Roman, Marc"]
[Black "Apicella, Manuel"]
[Result "1-0"]
[WhiteElo "2485"]
[BlackElo "2455"]

1.e4 e6 2.d4 d5 3.Nc3 Bb4 4.e5 Ne7 5.a3 Bxc3+ 6.bxc3 c5 7.Qg4 Qc7 8.Bd3 cxd4
9.Ne2 dxc3 10.Qxg7 Rg8 11.Qxh7 Nd7 12.Bf4 Nc5 13.O-O Bd7 14.Rfb1 Bc6 15.Nxc3 a6
16.Bg3 O-O-O 17.Qxf7 d4 18.Ne2 Rdf8 19.Qh5 Nxd3 20.cxd3 Nf5 21.Rc1 Qg7 22.Rab1 Rf7
23.Rb4 a5 24.Rbc4 Rh8 25.Qf3 Kb8 26.Rxc6 Nxg3 27.Qxg3 bxc6 28.Qxg7 Rxg7 29.Nxd4 Rc8
30.Nxe6 Rb7 31.Nc5 Rb2 32.f4 Rg8 33.g3 Re2 34.Ne4 Kc7 35.f5 Rh8 36.h4 Rd8
37.f6 Rxd3 38.f7 Rd8 39.Rf1 Rxe4 40.f8=Q Rxf8 41.Rxf8 Rxe5 42.Kf2 Kd6 43.g4 Re4
44.Kg3 Re1 45.h5 Rh1 46.Rf6+ Kd5 47.h6 c5 48.Rf5+  1-0

[Event "Arnold Cup"]
[Site "Gausdal"]
[Date "1991.??.??"]
[Round "1"]
[White "Mainka, Romuald"]
[Black "Ostenstad, Berge"]
[Result "1/2-1/2"]
[WhiteElo "2430"]
[BlackElo "2500"]

1.e4 e6 2.d4 d5 3.Nc3 Bb4 4.e5 Qd7 5.Bd2 Bxc3 6.Bxc3 b6 7.Qg4 f5 8.Qg3 Ba6
9.Bxa6 Nxa6 10.Ne2 c5 11.Nf4 Kf7 12.Qg5 Ne7 13.Qh5+ Kg8 14.O-O-O Rf8 15.h4 cxd4
16.Bxd4 Rc8 17.Kb1 Nc5 18.Rh3 Ng6 19.Ne2 Ne4 20.f3 Qc6 21.c3 Nc5 22.Qg5 Qb5
23.Rd2 Qe8 24.h5 Qe7 25.Qe3 Nf8 26.Rd1 Nfd7 27.Rdh1 Kf7 28.Nf4 Ke8 29.Rg1 Rg8
30.Qe2 Kd8 31.Bf2 Kc7 32.Rd1 Kb7 33.Rhh1 Rc6 34.Rhe1 Rgc8 35.Rd4 Na6 36.Ka1 Rc4
37.Red1 Rxd4 38.Bxd4 Qe8 39.Kb1 Ndc5 40.Rg1 Qf7 41.c4 dxc4 42.Qxc4 g5 43.hxg6 hxg6
44.Re1 g5 45.Ne2 Rc7 46.Rd1 f4 47.a3 Qf5+ 48.Ka2 Nd7 49.Qb5 Nac5 50.Nc3 Nxe5
51.Ne4 Nxe4 52.fxe4 Qg4 53.Bxe5 Qxd1 54.Bxc7 Kxc7 55.Qxg5 Qd6 56.Qg7+ Kb8
57.Qf6 a5  1/2-1/2

[Event "Peer Gynt"]
[Site "Gausdal"]
[Date "1991.??.??"]
[Round "6"]
[White "Prasad, Devaki V"]
[Black "Arkhipov, Sergey"]
[Result "0-1"]
[WhiteElo "2420"]
[BlackElo "2510"]

1.e4 e6 2.d4 d5 3.Nc3 Bb4 4.e5 Ne7 5.a3 Bxc3+ 6.bxc3 b6 7.a4 Ba6 8.Bxa6 Nxa6
9.Nh3 Ng6 10.Qe2 Nb8 11.Ba3 Qd7 12.O-O Nc6 13.f4 Na5 14.g4 Nc4 15.f5 Ne7
16.Bxe7 Qxe7 17.f6 Qf8 18.Ng5 g6 19.Ne4 Qh6 20.Nf2 Qg5 21.Kh1 h5 22.Rg1 Kd7
23.gxh5 Qxh5 24.Qxh5 Rxh5 25.Ng4 Rah8 26.Rg3 c5 27.Kg2 Rc8 28.Ra2 Nd2 29.Nf2 Rh4
30.Rd3 Ne4 31.Nxe4 Rxe4 32.Kf2 Rh8 33.a5 b5 34.h3 Rhh4  0-1